| 000 | 00763nam a2200193 a 4500 | ||
|---|---|---|---|
| 001 | 000035238 | ||
| 005 | 20200930074210.0 | ||
| 008 | 111026s1971 mx 000 0 spa d | ||
| 040 |
_aDO-SdBNP _bspa _cBNPHU |
||
| 090 |
_axxxx _bH462f |
||
| 100 | 1 |
_aHegel, G. W. F. _960996 |
|
| 245 | 1 | 0 |
_aFenomenología del espíritu. / _cG. W. F. Hegel. |
| 260 |
_aMéxico, : _bFondo de cultura económica, _c1971. |
||
| 300 |
_a483 p. ; _c21 cm. |
||
| 490 | 1 | _aSección de obras de folosofía, colección de textos clásicos | |
| 500 | _aPrimera reimpresión de la primera edición en español del año 1966 | ||
| 590 | _aPerteneció a la biblioteca personal de Juan Isidro Jimenes Grullón | ||
| 830 | 0 |
_aSección de obras de folosofía, colección de textos clásicos _960997 |
|
| 999 |
_c34729 _d34729 |
||